[Event "16th Dubai Open 2014"]
[Site "Dubai UAE"]
[Date "2014.04.07"]
[Round "1.19"]
[White "Siva, Mahadevan"]
[Black "Volkov, Sergey"]
[Result "1/2-1/2"]
[WhiteElo "2105"]
[BlackElo "2600"]
[PlyCount "52"]
[EventDate "2014.04.07"]

1. e4 e6 2. d4 d5 3. Nd2 Nf6 4. e5 Nfd7 5. c3 c5 6. Bd3 Nc6 7. Ngf3 a6 8. O-O
g5 9. Nb3 h6 10. Nxc5 Nxc5 11. dxc5 Bxc5 12. Qe2 Qc7 13. h3 Bf8 14. Re1 Bg7 15.
Bd2 O-O 16. c4 dxc4 17. Bxc4 Rd8 18. Rad1 b5 19. Bd3 Bb7 20. Qe4 Kf8 21. Qh7
Rd7 22. Rc1 Rad8 23. Rc3 a5 24. Be3 Rd5 25. Bc5+ Ne7 26. Bd6 Qd7 1/2-1/2

[Event "16th Dubai Open 2014"]
[Site "Dubai UAE"]
[Date "2014.04.07"]
[Round "1.21"]
[White "Partac, Elena"]
[Black "Lalith, Babu M.R"]
[Result "1/2-1/2"]
[WhiteElo "2101"]
[BlackElo "2594"]
[PlyCount "173"]
[EventDate "2014.04.07"]

1. e4 c6 2. d4 d5 3. exd5 cxd5 4. Bd3 Nc6 5. c3 Qc7 6. Ne2 Bg4 7. O-O e6 8. f3
Bh5 9. Bf4 Bd6 10. Qd2 Bg6 11. Bxd6 Qxd6 12. Nf4 Nge7 13. Na3 a6 14. Rae1 O-O
15. Nxg6 hxg6 16. f4 Rfe8 17. Nc2 b5 18. Rf3 Qd8 19. Rh3 Nf5 20. Bxf5 gxf5 21.
Qe2 g6 22. a3 Kg7 23. Nb4 Qb6 24. Nxc6 Qxc6 25. Qe5+ f6 26. Qe2 Qd6 27. Re3 Kf7
28. Qf3 Re7 29. Qh3 Kg7 30. Qg3 Rh8 31. R1e2 Kf7 32. h4 Rh5 33. Qe1 g5 34. hxg5
fxg5 35. Re5 gxf4 36. Qf2 Qd8 37. Qxf4 Qh8 38. Kf2 Qf6 39. g3 Qg6 40. Ke1 Qg5
41. Qxg5 Rxg5 42. R5e3 Rg4 43. Rh2 Kg7 44. Kf2 Re4 45. Re1 Rxe1 46. Kxe1 a5 47.
b4 axb4 48. axb4 Ra7 49. Re2 Kf6 50. Kf2 Ra1 51. Kg2 Rc1 52. Re3 Rc2+ 53. Kf3
Kg5 54. Rd3 Rc1 55. Re3 Kf6 56. Kg2 Rc2+ 57. Kf3 Rd2 58. Re1 Ra2 59. Re3 Rc2
60. Rd3 Kg5 61. Re3 Rc1 62. Kg2 Kg4 63. Kf2 Rc2+ 64. Kf1 Kh3 65. Rxe6 Kxg3 66.
Re3+ Kg4 67. Ke1 f4 68. Re5 Kf3 69. Rxd5 Rxc3 70. Rxb5 Rc4 71. Re5 Rxb4 72. d5
Rd4 73. Rh5 Re4+ 74. Kd2 Kg4 75. Rh8 f3 76. Rg8+ Kh3 77. Rf8 Kg2 78. Kd3 Re1
79. Rg8+ Kf1 80. d6 f2 81. Kc4 Rc1+ 82. Kd5 Rd1+ 83. Kc6 Rc1+ 84. Kb7 Rb1+ 85.
Kc7 Rc1+ 86. Kb7 Rb1+ 87. Kc7 1/2-1/2

[Event "16th Dubai Open 2014"]
[Site "Dubai UAE"]
[Date "2014.04.08"]
[Round "2.2"]
[White "Kjartansson, Gudmundur"]
[Black "Akopian, Vladimir"]
[Result "1/2-1/2"]
[WhiteElo "2440"]
[BlackElo "2674"]
[PlyCount "193"]
[EventDate "2014.04.07"]

1. d4 Nf6 2. c4 d6 3. Nc3 Nbd7 4. Nf3 g6 5. e4 e5 6. Be2 Bg7 7. O-O O-O 8. Be3
Qe7 9. Qc2 c6 10. Rad1 exd4 11. Nxd4 Re8 12. f3 Nh5 13. Qd2 f5 14. Bh6 fxe4 15.
Nxe4 Nc5 16. Nc3 Bxh6 17. Qxh6 a5 18. Qd2 Ng7 19. Rfe1 Qe3+ 20. Qxe3 Rxe3 21.
Kf2 Re7 22. Nb3 Nxb3 23. axb3 Ne8 24. g4 Kf8 25. Na4 Be6 26. Nb6 Rd8 27. Ra1 d5
28. c5 d4 29. Bc4 Nc7 30. Rxa5 d3 31. Raa1 d2 32. Red1 g5 33. b4 Na6 34. Bxa6
bxa6 35. Ra3 h5 36. h3 hxg4 37. hxg4 Rh7 38. Kg3 Kf7 39. Re3 Rh4 40. b3 Rd4 41.
Nc4 Bxc4 42. bxc4 Rh8 43. Ra3 Rhd8 44. Rxa6 Rxc4 45. Kf2 Rxb4 46. Rxc6 Rb3 47.
Ke2 Rbd3 48. Ra6 R3d5 49. c6 Re5+ 50. Kf2 Rc5 51. Ra7+ Ke6 52. Rh7 Rdd5 53. c7
Kf6 54. Ke2 Kg6 55. Re7 Kf6 56. Rh7 Kg6 57. Re7 Kf6 58. Re4 Rxc7 59. Rxd2 Rxd2+
60. Kxd2 Ra7 61. Rc4 Ra3 62. Rc3 Ra6 63. Ke3 Re6+ 64. Kd4 Rd6+ 65. Ke4 Ra6 66.
Kd5 Ra5+ 67. Kd4 Ra4+ 68. Rc4 Ra6 69. Ke4 Re6+ 70. Kd4 Rd6+ 71. Kc3 Ra6 72. Kd3
Rd6+ 73. Ke3 Re6+ 74. Re4 Ra6 75. Rb4 Re6+ 76. Kd4 Rd6+ 77. Kc4 Rc6+ 78. Kd5
Ra6 79. Rb5 Ra4 80. Rb6+ Kf7 81. Rc6 Rf4 82. Rc3 Kf6 83. Ra3 Kf7 84. Ke5 Kg7
85. Rd3 Kf7 86. Re3 Kg7 87. Ke6 Rf6+ 88. Ke7 Rf7+ 89. Kd6 Rf6+ 90. Kd7 Rf4 91.
Ke6 Rf6+ 92. Ke5 Rf4 93. Rd3 Kf7 94. Rd7+ Kg6 95. Rd6+ Kg7 96. Rd7+ Kg6 97.
Rd6+ 1/2-1/2

[Event "16th Dubai Open 2014"]
[Site "Dubai UAE"]
[Date "2014.04.08"]
[Round "2.9"]
[White "Solak, Dragan"]
[Black "Ahmadinia, Ebrahim"]
[Result "1/2-1/2"]
[WhiteElo "2635"]
[BlackElo "2353"]
[PlyCount "119"]
[EventDate "2014.04.07"]

1. e4 d6 2. d4 Nf6 3. Nc3 g6 4. g3 Bg7 5. Bg2 Nbd7 6. Nge2 Rb8 7. O-O b6 8. f4
Bb7 9. e5 Ng4 10. Bxb7 Rxb7 11. Qd3 Nh6 12. Qe4 Qc8 13. e6 fxe6 14. Qxe6 Rf8
15. Be3 c6 16. Ne4 Kd8 17. Ng5 Nf6 18. h3 Qd7 19. g4 Ke8 20. Qxd7+ Kxd7 21. Nf3
Ne4 22. Kg2 Ng8 23. Ng3 Ngf6 24. Nxe4 Nxe4 25. Rae1 c5 26. c3 d5 27. h4 cxd4
28. Bxd4 Bxd4 29. Nxd4 e6 30. Nf3 b5 31. Re2 Kd6 32. Ne5 a5 33. Kf3 Rc7 34. Rd1
Ke7 35. Ke3 Nd6 36. Rh2 Nc4+ 37. Nxc4 Rxc4 38. Rd4 Rxd4 39. cxd4 Rc8 40. h5 Rc1
41. hxg6 hxg6 42. Rh7+ Kf8 43. Ra7 Rc2 44. Rxa5 Rxb2 45. Kf3 Rd2 46. Ke3 Rg2
47. Kf3 Rd2 48. Ke3 Rg2 49. Ra8+ Kf7 50. Ra7+ Kf8 51. Ra8+ Kf7 52. Ra7+ Kf8 53.
Kf3 Rd2 54. Ke3 Rh2 55. Ra8+ Kf7 56. g5 Rh3+ 57. Ke2 b4 58. Ra7+ Kf8 59. Ra8+
Kf7 60. Ra7+ 1/2-1/2

[Event "16th Dubai Open 2014"]
[Site "Dubai UAE"]
[Date "2014.04.09"]
[Round "3.2"]
[White "Kotsur, Pavel"]
[Black "Edouard, Romain"]
[Result "0-1"]
[WhiteElo "2557"]
[BlackElo "2670"]
[PlyCount "92"]
[EventDate "2014.04.07"]

1. Nf3 d5 2. d4 Nf6 3. c4 e6 4. Nc3 c5 5. e3 a6 6. a3 dxc4 7. Bxc4 b5 8. Ba2
Bb7 9. O-O Be7 10. dxc5 Bxc5 11. Qe2 Nbd7 12. e4 Qb8 13. Bg5 O-O 14. Rad1 Rc8
15. Bh4 Nf8 16. Bg3 Qa7 17. Bd6 Ng6 18. Bb1 Bxd6 19. Rxd6 Qc5 20. Rfd1 Nd5 21.
Nxd5 Bxd5 22. Rd7 Qc6 23. R7xd5 exd5 24. exd5 Qd6 25. g3 Rc5 26. Ng5 Rxd5 27.
Rxd5 Qxd5 28. h4 Rd8 29. Bc2 Qc4 30. Qf3 Qxc2 31. Qxf7+ Kh8 32. Qe6 Rf8 33.
Nf7+ Rxf7 34. Qxf7 Qc1+ 35. Kh2 Qc8 36. f4 Qf8 37. Qd5 Qf6 38. b4 Ne7 39. Qd7
Ng8 40. Kh3 Qa1 41. Qd3 Qh1+ 42. Kg4 Nf6+ 43. Kf5 Qd5+ 44. Qxd5 Nxd5 45. Ke4
Nc3+ 46. Kd4 Nb1 0-1

[Event "16th Dubai Open 2014"]
[Site "Dubai UAE"]
[Date "2014.04.09"]
[Round "3.3"]
[White "Istratescu, Andrei"]
[Black "Jankovic, Alojzije"]
[Result "1/2-1/2"]
[WhiteElo "2667"]
[BlackElo "2554"]
[PlyCount "45"]
[EventDate "2014.04.07"]

1. d4 Nf6 2. c4 g6 3. Nc3 d5 4. cxd5 Nxd5 5. e4 Nxc3 6. bxc3 Bg7 7. Bc4 c5 8.
Ne2 Nc6 9. Be3 O-O 10. O-O b6 11. Rc1 Bb7 12. Qd2 Rc8 13. Rfd1 cxd4 14. cxd4
Qd7 15. Bb5 a6 16. Ba4 b5 17. Bb3 e6 18. d5 exd5 19. Qxd5 Qc7 20. Bf4 Qb6 21.
Be3 Qc7 22. Bf4 Qb6 23. Be3 1/2-1/2

[Event "16th Dubai Open 2014"]
[Site "Dubai UAE"]
[Date "2014.04.09"]
[Round "3.4"]
[White "Ghaem Maghami, Ehsan"]
[Black "Lupulescu, Constantin"]
[Result "1/2-1/2"]
[WhiteElo "2556"]
[BlackElo "2660"]
[PlyCount "104"]
[EventDate "2014.04.07"]

1. c4 e6 2. Nf3 d5 3. d4 Nf6 4. e3 a6 5. Nc3 c5 6. cxd5 exd5 7. Be2 c4 8. O-O
b5 9. e4 dxe4 10. Ng5 Bb7 11. f3 e3 12. Bxe3 Be7 13. Nge4 O-O 14. a4 Nd5 15.
Bf2 Qb6 16. Nxd5 Bxd5 17. axb5 axb5 18. Rxa8 Bxa8 19. d5 Qd8 20. d6 Bf6 21.
Nxf6+ Qxf6 22. b3 Qe6 23. Re1 Qd5 24. bxc4 bxc4 25. Qa4 c3 26. Rd1 Qe5 27. Bd3
Bc6 28. Qd4 Nd7 29. Qxe5 Nxe5 30. Bc2 Bd7 31. Rd5 Nc4 32. Rc5 Rc8 33. Rc7 Be6
34. d7 Rd8 35. Bh4 g5 36. Be1 Nb6 37. Bxc3 Nd5 38. Rc8 Rxc8 39. dxc8=Q+ Bxc8
40. Bd2 h6 41. Kf2 Kg7 42. Be4 Be6 43. g3 f6 44. Ke2 Kf7 45. Ba5 Ne7 46. Bd8 f5
47. Bd3 Nc6 48. Bc7 Nb4 49. Bb5 h5 50. Bd6 Nd5 51. Kd3 Nf6 52. Kd4 Nd7 1/2-1/2

[Event "16th Dubai Open 2014"]
[Site "Dubai UAE"]
[Date "2014.04.09"]
[Round "3.5"]
[White "Debashis, Das"]
[Black "Balogh, Csaba"]
[Result "1/2-1/2"]
[WhiteElo "2504"]
[BlackElo "2656"]
[PlyCount "131"]
[EventDate "2014.04.07"]

1. d4 d5 2. c4 c6 3. Nf3 Nf6 4. Nc3 dxc4 5. a4 e6 6. e3 c5 7. Bxc4 cxd4 8. exd4
Nc6 9. O-O Be7 10. Qe2 O-O 11. Be3 Bd7 12. Rad1 Nb4 13. Ne5 Bc6 14. f4 Bd5 15.
Nxd5 exd5 16. Bb3 Rc8 17. Rf3 Rc7 18. Rh3 Qc8 19. Bd2 Re8 20. Rf1 Nc6 21. Bxd5
Nxd5 22. Qh5 Bf6 23. Qxh7+ Kf8 24. Qe4 Bxe5 25. fxe5 Qe6 26. Bg5 f6 27. Qg6 Ke7
28. Rh8 Kd8 29. exf6 gxf6 30. Bxf6+ Nxf6 31. Rxe8+ Qxe8 32. Qxf6+ Kc8 33. d5
Qe3+ 34. Kh1 Nd8 35. Qf5+ Kb8 36. Qf6 Kc8 37. Qf5+ Kb8 38. Qf6 Rd7 39. Qf4+
Qxf4 40. Rxf4 Rxd5 41. h4 Kc7 42. Kh2 Kd6 43. Kh3 Ke7 44. b4 Ne6 45. Rc4 Kf6
46. Kg4 a6 47. g3 Rd4+ 48. Rxd4 Nxd4 49. Kf4 Nc6 50. b5 axb5 51. axb5 Na7 52.
g4 Nxb5 53. h5 Nd6 54. g5+ Ke6 55. g6 Kf6 56. Ke3 Ke5 57. g7 Nf5+ 58. Kd3 Nh6
59. Kc4 Kd6 60. Kb5 Kc7 61. Kc5 b6+ 62. Kd5 Kd7 63. Ke5 Ke7 64. Kd5 Kd7 65. Ke5
Ke7 66. Kd5 1/2-1/2

[Event "16th Dubai Open 2014"]
[Site "Dubai UAE"]
[Date "2014.04.09"]
[Round "3.6"]
[White "Ismagambetov, Anuar"]
[Black "Amin, Bassem"]
[Result "1-0"]
[WhiteElo "2493"]
[BlackElo "2637"]
[PlyCount "83"]
[EventDate "2014.04.07"]

1. e4 e5 2. Nf3 Nc6 3. Bb5 a6 4. Ba4 Nf6 5. O-O Be7 6. Re1 b5 7. Bb3 d6 8. c3
O-O 9. h3 Nb8 10. d4 Nbd7 11. Nbd2 Bb7 12. Bc2 Re8 13. Nf1 Bf8 14. Ng3 g6 15.
Bg5 h6 16. Bd2 Bg7 17. a4 c5 18. d5 c4 19. b4 cxb3 20. Bxb3 Nc5 21. c4 bxc4 22.
Bxc4 h5 23. Qe2 Nh7 24. Reb1 h4 25. Nf1 f5 26. Be3 Bc8 27. Bxc5 dxc5 28. d6+
Kf8 29. Ne3 Ra7 30. Nd5 fxe4 31. Ne7 Qxd6 32. Nxc8 Rxc8 33. Qxe4 Bf6 34. Rd1
Qc6 35. Qxg6 Rg7 36. Qf5 Rcc7 37. Rab1 Rcd7 38. Rb8+ Ke7 39. Rxd7+ Qxd7 40. Qe4
Qd1+ 41. Kh2 Nf8 42. Nxh4 1-0

[Event "16th Dubai Open 2014"]
[Site "Dubai UAE"]
[Date "2014.04.09"]
[Round "3.7"]
[White "Iturrizaga Bonelli, Eduardo"]
[Black "Carlsson, Pontus"]
[Result "1-0"]
[WhiteElo "2635"]
[BlackElo "2486"]
[PlyCount "69"]
[EventDate "2014.04.07"]

1. Nf3 Nf6 2. c4 g6 3. Nc3 Bg7 4. g3 O-O 5. Bg2 d6 6. d4 c6 7. O-O Qa5 8. e4 e5
9. h3 Nbd7 10. Qc2 b5 11. Rd1 b4 12. dxe5 dxe5 13. Na4 c5 14. a3 Bb7 15. axb4
cxb4 16. Ne1 Qc7 17. b3 Rfc8 18. Be3 Bf8 19. Nd3 Nxe4 20. Nxb4 Nxg3 21. Nd5
Bxd5 22. Bxd5 Nf5 23. Bxa8 Rxa8 24. Nc3 Nxe3 25. fxe3 e4 26. Nd5 Qe5 27. b4 h5
28. c5 Rc8 29. Rxa7 Nxc5 30. Qf2 f5 31. Qg2 Rc6 32. bxc5 Bxc5 33. Rd7 f4 34.
Qa2 Qe6 35. Nf6+ 1-0

[Event "16th Dubai Open 2014"]
[Site "Dubai UAE"]
[Date "2014.04.09"]
[Round "3.8"]
[White "Gupta, Abhijeet"]
[Black "Grover, Sahaj"]
[Result "1-0"]
[WhiteElo "2630"]
[BlackElo "2475"]
[PlyCount "115"]
[EventDate "2014.04.07"]

1. d4 Nf6 2. c4 e6 3. Nf3 b6 4. Nc3 Bb4 5. Qc2 Bb7 6. a3 Bxc3+ 7. Qxc3 d6 8. g3
Nbd7 9. Bg2 c5 10. O-O Rc8 11. b3 cxd4 12. Qxd4 Nc5 13. Qe3 Ng4 14. Qf4 Qf6 15.
Qxg4 Qxa1 16. Nd4 Bxg2 17. Kxg2 Qb1 18. Qxg7 Qg6 19. Nxe6 Qxg7 20. Nxg7+ Kd7
21. Rd1 Nxb3 22. Bf4 Rxc4 23. Rxd6+ Kc8 24. Nf5 Ra4 25. h4 h5 26. Rf6 Kd7 27.
Rd6+ Kc8 28. Rf6 Kd7 29. Be5 Rh7 30. Rd6+ Kc8 31. Ne7+ Kb7 32. Rd7+ Ka6 33. Nc8
Nc5 34. Rxa7+ Kb5 35. Rc7 Rxa3 36. Nd6+ Ka6 37. Rc6 Ra2 38. Bd4 Rc2 39. e4 Ka7
40. e5 Rd2 41. Rc7+ Kb8 42. Rc8+ Ka7 43. Bxc5 bxc5 44. Rxc5 Kb6 45. Rc3 Rd5 46.
Rf3 Kc6 47. Nxf7 Rg7 48. e6 Rg8 49. Re3 Re8 50. f4 Rf5 51. Ng5 Kd6 52. Kf3 Ke7
53. Ra3 Kf6 54. g4 hxg4+ 55. Kxg4 Rb5 56. Ra7 Re7 57. Ne4+ Kxe6 58. f5+ 1-0

[Event "16th Dubai Open 2014"]
[Site "Dubai UAE"]
[Date "2014.04.09"]
[Round "3.9"]
[White "Ghosh, Diptayan"]
[Black "Rakhmanov, Aleksandr"]
[Result "1/2-1/2"]
[WhiteElo "2485"]
[BlackElo "2610"]
[PlyCount "60"]
[EventDate "2014.04.07"]

1. d4 g6 2. Nf3 Nf6 3. Bf4 Bg7 4. e3 b6 5. Nbd2 Bb7 6. Bd3 d6 7. O-O Nbd7 8. e4
O-O 9. Re1 Nh5 10. Be3 e5 11. c3 h6 12. Qc2 a6 13. a4 Kh7 14. Rad1 Qe7 15. b4
Rac8 16. a5 b5 17. dxe5 Nxe5 18. Nxe5 Bxe5 19. c4 bxc4 20. Nxc4 Bg7 21. f3 Rfe8
22. Bf1 Qf6 23. Qf2 Nf4 24. Bd4 Qg5 25. g3 Bxd4 26. Rxd4 Ne6 27. Rdd1 Qf6 28.
f4 Qc3 29. e5 d5 30. Rc1 Qxb4 1/2-1/2

[Event "16th Dubai Open 2014"]
[Site "Dubai UAE"]
[Date "2014.04.09"]
[Round "3.10"]
[White "Stevic, Hrvoje"]
[Black "Tabatabaei, M.amin"]
[Result "1/2-1/2"]
[WhiteElo "2607"]
[BlackElo "2298"]
[PlyCount "148"]
[EventDate "2014.04.07"]

1. e4 e5 2. Nf3 Nc6 3. Bb5 Nf6 4. d3 Bc5 5. Bxc6 dxc6 6. O-O Nd7 7. Be3 Bd6 8.
d4 O-O 9. Nbd2 exd4 10. Nxd4 Nf6 11. f3 Bf4 12. Nc4 Bxe3+ 13. Nxe3 c5 14. Ndf5
Bxf5 15. Nxf5 g6 16. Qxd8 Rfxd8 17. Ne3 Rd4 18. Rfd1 Rad8 19. Kf2 Rxd1 20. Rxd1
Rxd1 21. Nxd1 Kf8 22. Ke3 Ke7 23. Kf4 h6 24. Nf2 Nh5+ 25. Ke3 Nf6 26. f4 h5 27.
h3 Nd7 28. g4 hxg4 29. hxg4 Nb6 30. b3 f6 31. Nd3 Nd7 32. Ne1 Nb8 33. Nf3 Nc6
34. c3 Ke6 35. g5 f5 36. Nh4 Ne7 37. Kd3 b5 38. b4 c4+ 39. Kd4 fxe4 40. Kxe4
Nd5 41. Nxg6 Nxc3+ 42. Kd4 Nxa2 43. Ne5 c3 44. Kd3 Nxb4+ 45. Kxc3 Nd5+ 46. Kd4
Nxf4 47. Nc6 a6 48. Nb8 a5 49. Nc6 a4 50. Kc5 a3 51. Nd4+ Ke5 52. Nc2 Ne6+ 53.
Kxb5 Nd4+ 54. Nxd4 Kxd4 55. g6 a2 56. g7 a1=Q 57. g8=Q Qb2+ 58. Kc6 Qb6+ 59.
Kd7 Qd6+ 60. Kc8 c5 61. Qg1+ Ke4 62. Qh1+ Ke3 63. Qe1+ Kf3 64. Qf1+ Kg3 65.
Qg1+ Kh3 66. Qf1+ Kg4 67. Qe2+ Kf5 68. Qh5+ Ke6 69. Qg6+ Kd5 70. Qd3+ Ke6 71.
Qg6+ Ke7 72. Qg7+ Ke6 73. Qg6+ Ke7 74. Qg7+ Ke6 1/2-1/2

[Event "16th Dubai Open 2014"]
[Site "Dubai UAE"]
[Date "2014.04.09"]
[Round "3.11"]
[White "Shyam, Sundar M"]
[Black "Andriasian, Zaven"]
[Result "1/2-1/2"]
[WhiteElo "2481"]
[BlackElo "2603"]
[PlyCount "60"]
[EventDate "2014.04.07"]

1. c4 e5 2. Nc3 Nc6 3. Nf3 Nf6 4. e3 d5 5. cxd5 Nxd5 6. Bb5 Nxc3 7. bxc3 Bd6 8.
d4 e4 9. Nd2 Qg5 10. Bf1 Qg6 11. h4 h5 12. Qc2 Bf5 13. Rb1 Rb8 14. g3 O-O 15.
Bg2 Rfe8 16. Rb5 a6 17. Rxf5 Qxf5 18. Bxe4 Qd7 19. O-O Bf8 20. Bf5 Qd8 21. Bh7+
Kh8 22. Qf5 Qf6 23. Qxh5 Qh6 24. Qxh6 gxh6 25. Bd3 b5 26. Nf3 Bg7 27. e4 Nd8
28. Be3 c6 29. Kg2 Kg8 30. h5 Ne6 1/2-1/2

[Event "16th Dubai Open 2014"]
[Site "Dubai UAE"]
[Date "2014.04.09"]
[Round "3.12"]
[White "Bachmann, Axel"]
[Black "Karthik, V.   AP."]
[Result "1-0"]
[WhiteElo "2598"]
[BlackElo "2250"]
[PlyCount "57"]
[EventDate "2014.04.07"]

1. d4 Nf6 2. Nf3 e6 3. g3 d5 4. Bg2 Be7 5. O-O O-O 6. c4 dxc4 7. Qc2 a6 8. a4
Bd7 9. Qxc4 Bc6 10. Bf4 a5 11. Nc3 Na6 12. Rfd1 Nb4 13. Ne5 Bxg2 14. Kxg2 c6
15. e4 Qb6 16. Qe2 Qa6 17. Nc4 Rac8 18. Rd2 Rfd8 19. Rad1 Ne8 20. h4 Nd6 21. b3
h6 22. Bxd6 Bxd6 23. d5 exd5 24. exd5 Bf8 25. d6 b5 26. d7 Rc7 27. Ne5 bxa4 28.
Qh5 g6 29. Qf3 1-0

[Event "16th Dubai Open 2014"]
[Site "Dubai UAE"]
[Date "2014.04.09"]
[Round "3.13"]
[White "Al-Hadarani, Hatim"]
[Black "Jumabayev, Rinat"]
[Result "1-0"]
[WhiteElo "2249"]
[BlackElo "2580"]
[PlyCount "63"]
[EventDate "2014.04.07"]

1. d4 Nf6 2. Nf3 g6 3. e3 Bg7 4. Bd3 O-O 5. O-O c5 6. Nbd2 cxd4 7. exd4 Nc6 8.
Re1 d6 9. a3 Re8 10. b4 Nh5 11. Bb2 a6 12. c4 Nf4 13. Bf1 Bg4 14. Qb3 e5 15. d5
Nd4 16. Bxd4 exd4 17. Rxe8+ Qxe8 18. Re1 Qd7 19. h3 Bf5 20. g4 Bd3 21. Bxd3
Nxh3+ 22. Kf1 Qxg4 23. Re4 Nf4 24. Ke1 f5 25. Re7 Bf6 26. Rxb7 Qg2 27. Kd1 Qxf2
28. Qa4 Rd8 29. Qc6 Nxd3 30. Qc7 Nb2+ 31. Kc2 d3+ 32. Kb3 1-0

[Event "16th Dubai Open 2014"]
[Site "Dubai UAE"]
[Date "2014.04.09"]
[Round "3.14"]
[White "Akopian, Vladimir"]
[Black "Tabada, Jobannie C"]
[Result "1-0"]
[WhiteElo "2674"]
[BlackElo "2210"]
[PlyCount "55"]
[EventDate "2014.04.07"]

1. e4 c5 2. Nf3 d6 3. d4 cxd4 4. Nxd4 Nf6 5. Nc3 a6 6. Be3 e6 7. f3 b5 8. Qd2
Nbd7 9. g4 Nb6 10. a4 Nc4 11. Bxc4 bxc4 12. a5 Bb7 13. Na4 d5 14. g5 Nd7 15.
O-O-O Rc8 16. Qc3 Qc7 17. exd5 Bxd5 18. Rhe1 Qb7 19. Nb6 Nxb6 20. axb6 Rg8 21.
Nf5 Qc6 22. Bf4 Rd8 23. Bc7 Rd7 24. Ne3 Bxf3 25. Rxd7 Kxd7 26. Nxc4 Kc8 27. Bg3
Bd5 28. b7+ 1-0

[Event "16th Dubai Open 2014"]
[Site "Dubai UAE"]
[Date "2014.04.09"]
[Round "3.15"]
[White "Kuzubov, Yuriy"]
[Black "Cicak, Slavko"]
[Result "1/2-1/2"]
[WhiteElo "2639"]
[BlackElo "2507"]
[PlyCount "137"]
[EventDate "2014.04.07"]

1. e4 g6 2. d4 Bg7 3. Nf3 d6 4. Bd3 c5 5. d5 Bg4 6. Nbd2 Nd7 7. h3 Bxf3 8. Nxf3
b5 9. c3 Rb8 10. O-O Ngf6 11. Re1 O-O 12. Bg5 Re8 13. Qd2 e6 14. dxe6 Rxe6 15.
a4 a6 16. axb5 axb5 17. Ra7 Qf8 18. b4 h6 19. Bxf6 Nxf6 20. bxc5 dxc5 21. e5
Nh7 22. h4 Rd8 23. Qe3 c4 24. Bc2 h5 25. Rb7 Rb8 26. Qa7 Rxb7 27. Qxb7 Qc5 28.
Rb1 Qa3 29. Be4 Re7 30. Qxb5 Qxc3 31. Qc5 Re8 32. Bd5 Bxe5 33. Re1 Kg7 34. Qa7
Kh6 35. Qxf7 Rf8 36. Qe7 Rxf3 37. Rxe5 Rf8 38. Be4 Qc1+ 39. Kh2 Qf4+ 40. Kh3
Qg4+ 41. Kh2 Rxf2 42. Re6 Rf6 43. Rxf6 Qxh4+ 44. Kg1 Qxf6 45. Qc5 c3 46. Qe3+
Ng5 47. Bc2 Kg7 48. Qa7+ Kh8 49. Qb8+ Kh7 50. Qa7+ Qg7 51. Qc5 Qf6 52. Qa7+ Kh6
53. Qe3 h4 54. Bb3 h3 55. Bc2 hxg2 56. Kxg2 Kg7 57. Qa7+ Nf7 58. Qe3 Nd6 59.
Qa7+ Kh6 60. Qe3+ Qg5+ 61. Kf3 Nf5 62. Qxg5+ Kxg5 63. Ke4 Kg4 64. Kd3 Kf4 65.
Kxc3 g5 66. Bd1 Ke3 67. Bg4 Ng3 68. Bc8 Ne4+ 69. Kc2 1/2-1/2

[Event "16th Dubai Open 2014"]
[Site "Dubai UAE"]
[Date "2014.04.09"]
[Round "3.16"]
[White "Melia, Salome"]
[Black "Solak, Dragan"]
[Result "1/2-1/2"]
[WhiteElo "2459"]
[BlackElo "2635"]
[PlyCount "65"]
[EventDate "2014.04.07"]

1. e4 g6 2. d4 Bg7 3. Nf3 d6 4. Nc3 a6 5. Be2 b5 6. O-O Bb7 7. a4 b4 8. Nd5
Bxd5 9. exd5 Nf6 10. Bc4 O-O 11. Qe2 Qc8 12. Ng5 h6 13. Ne4 Nbd7 14. Nxf6+ Nxf6
15. Qf3 Nd7 16. c3 Nb6 17. Bd3 bxc3 18. bxc3 Nd7 19. Re1 Re8 20. a5 Nf6 21. Bc2
Qb7 22. Ba4 Qxd5 23. Bxe8 Rxe8 24. Qd3 Qc6 25. c4 d5 26. cxd5 Nxd5 27. Bd2 Rd8
28. Rac1 Qa8 29. Qf3 e6 30. Bf4 Qa7 31. Be5 Bxe5 32. dxe5 Rb8 33. Rb1 1/2-1/2

[Event "16th Dubai Open 2014"]
[Site "Dubai UAE"]
[Date "2014.04.09"]
[Round "3.17"]
[White "Kjartansson, Gudmundur"]
[Black "Mchedlishvili, Mikheil"]
[Result "1/2-1/2"]
[WhiteElo "2440"]
[BlackElo "2628"]
[PlyCount "69"]
[EventDate "2014.04.07"]

1. d4 d6 2. Nf3 g6 3. g3 Bg7 4. Bg2 Nd7 5. O-O e5 6. c4 Ne7 7. Nc3 O-O 8. e4
exd4 9. Nxd4 Nc6 10. Nxc6 bxc6 11. Bd2 Ne5 12. b3 c5 13. Ne2 Bb7 14. Bc3 Qd7
15. h3 Rae8 16. Qc2 f5 17. f4 Nc6 18. Bxg7 Qxg7 19. exf5 gxf5 20. Qd2 Ba8 21.
Rad1 Nd4 22. Nxd4 cxd4 23. Qxd4 Qxg3 24. Qf2 Re3 25. Qxg3+ Rxg3 26. Rd2 Re8 27.
Kh2 Rxg2+ 28. Rxg2+ Bxg2 29. Kxg2 Re3 30. Rf3 Re4 31. Rg3+ Kf7 32. Kf3 Re1 33.
Rg5 Kf6 34. Rh5 Kg6 35. Rg5+ 1/2-1/2

[Event "16th Dubai Open 2014"]
[Site "Dubai UAE"]
[Date "2014.04.09"]
[Round "3.18"]
[White "Iordachescu, Viorel"]
[Black "Ravi, Teja S"]
[Result "1-0"]
[WhiteElo "2601"]
[BlackElo "2354"]
[PlyCount "95"]
[EventDate "2014.04.07"]

1. e4 e6 2. d4 d5 3. Nc3 dxe4 4. Nxe4 Nd7 5. Nf3 Ngf6 6. Bg5 h6 7. Nxf6+ Nxf6
8. Be3 Nd5 9. Bd2 c5 10. Ne5 a6 11. c3 Bd6 12. Qa4+ Bd7 13. Qxd7+ Qxd7 14. Nxd7
Kxd7 15. dxc5 Bxc5 16. g3 Rad8 17. Bg2 Kc8 18. Ke2 Rd7 19. Rhd1 Rhd8 20. Be1
Be7 21. Rd2 Kc7 22. Rad1 b6 23. Rd3 Nf6 24. Rxd7+ Rxd7 25. Bd2 Ng4 26. h3 Ne5
27. b3 Nc6 28. Bf4+ Bd6 29. Be3 Ne7 30. Rd4 b5 31. Rd3 Nc6 32. Rd1 Rd8 33. h4
Be5 34. Rxd8 Nxd8 35. Kd3 Nc6 36. h5 Ne7 37. c4 Nf5 38. Bd2 bxc4+ 39. Kxc4 Kb6
40. a4 a5 41. b4 Nd6+ 42. Kb3 axb4 43. Bxb4 Nb7 44. Bxb7 Kxb7 45. Bc3 Bxc3 46.
Kxc3 Kb6 47. Kd4 f6 48. Kc4 1-0

[Event "16th Dubai Open 2014"]
[Site "Dubai UAE"]
[Date "2014.04.09"]
[Round "3.19"]
[White "Ahmadinia, Ebrahim"]
[Black "Volkov, Sergey"]
[Result "1/2-1/2"]
[WhiteElo "2353"]
[BlackElo "2600"]
[PlyCount "103"]
[EventDate "2014.04.07"]

1. e4 e6 2. d4 d5 3. e5 c5 4. c3 Qb6 5. Nf3 Bd7 6. Be2 Bb5 7. O-O Bxe2 8. Qxe2
Qa6 9. Qd2 Nd7 10. dxc5 Nxc5 11. Nd4 Qd3 12. Rd1 Qxd2 13. Nxd2 a6 14. c4 Ne7
15. b3 Rd8 16. N2f3 dxc4 17. bxc4 Ng6 18. Rb1 Be7 19. Ba3 O-O 20. g3 Rb8 21. h4
Rfc8 22. h5 Nf8 23. Nb3 h6 24. Kg2 Rc7 25. Bxc5 Bxc5 26. Nxc5 Rxc5 27. Rb4 Rc7
28. Ne1 Nd7 29. Nd3 b6 30. f4 a5 31. Ra4 Rbc8 32. Nb2 f6 33. exf6 Nxf6 34. Ra3
Nxh5 35. Rb3 Rc6 36. Rd7 a4 37. Nxa4 Rxc4 38. Nxb6 Rc2+ 39. Kh3 R8c3 40. Rd8+
Kf7 41. Rd3 Rxd3 42. Rxd3 Rxa2 43. Nc4 Nf6 44. Ne5+ Ke8 45. Rb3 Rd2 46. Rb6 Ke7
47. Ng6+ Kf7 48. Ne5+ Ke7 49. Ng6+ Kf7 50. Ne5+ Ke7 51. Ng6+ Kf7 52. Ne5+
1/2-1/2

[Event "16th Dubai Open 2014"]
[Site "Dubai UAE"]
[Date "2014.04.09"]
[Round "3.20"]
[White "Saduakassova, Dinara"]
[Black "Lalith, Babu M.R"]
[Result "0-1"]
[WhiteElo "2342"]
[BlackElo "2594"]
[PlyCount "104"]
[EventDate "2014.04.07"]

1. d4 Nf6 2. c4 e6 3. Nc3 Bb4 4. Qc2 d5 5. cxd5 exd5 6. Bg5 c5 7. dxc5 h6 8.
Bh4 Be6 9. e3 O-O 10. Nf3 Nbd7 11. a3 Bxc5 12. Bb5 Rc8 13. O-O Be7 14. Nd4 Nc5
15. Bd3 Nfe4 16. Bxe7 Qxe7 17. Rac1 Nd6 18. Nf5 Nxf5 19. Bxf5 Qg5 20. Bxe6 fxe6
21. Nb5 Ne4 22. Qxc8 Rxc8 23. Rxc8+ Kh7 24. Nd4 Qf6 25. Re8 Nc5 26. b4 Qf7 27.
Rc8 Ne4 28. Rc2 Nd6 29. Rfc1 Nc4 30. e4 Nxa3 31. Rc3 e5 32. Nf3 Nb5 33. Rc5
dxe4 34. Nxe5 Qf4 35. Rd1 e3 36. Nd3 exf2+ 37. Kf1 Qxh2 38. Nxf2 a6 39. Rd7 Nd6
40. Ke2 Qf4 41. Rcc7 Qe5+ 42. Kf1 Nf5 43. Rxb7 Ng3+ 44. Kg1 Qe1+ 45. Kh2 Nf1+
46. Kg1 Ne3+ 47. Kh2 Qxf2 48. Rxg7+ Kh8 49. Rbf7 Qh4+ 50. Kg1 Qd4 51. Rh7+ Kg8
52. Rd7 Qb2 0-1

[Event "16th Dubai Open 2014"]
[Site "Dubai UAE"]
[Date "2014.04.09"]
[Round "3.21"]
[White "Gameel, Mohamed"]
[Black "Stojanovic, Mihajlo"]
[Result "1/2-1/2"]
[WhiteElo "2216"]
[BlackElo "2568"]
[PlyCount "36"]
[EventDate "2014.04.07"]

1. e4 e6 2. d4 d5 3. Nc3 Bb4 4. e5 c5 5. Bd2 Nc6 6. Nb5 Bxd2+ 7. Qxd2 Nxd4 8.
Nxd4 cxd4 9. Qxd4 Ne7 10. Nf3 O-O 11. Bd3 Nc6 12. Qe3 h6 13. c3 Qb6 14. Qxb6
axb6 15. O-O Bd7 16. Rfe1 f6 17. a3 Kf7 18. c4 dxc4 1/2-1/2